| 000 | 01165nam a2200265 a 4500 | ||
|---|---|---|---|
| 001 | BRCA_9022 | ||
| 005 | 20190320210510.0 | ||
| 008 | 250717s1768----sp-ab#####---#000-0#spa-# | ||
| 041 | _aspa | ||
| 044 | _asp | ||
| 084 |
_aLM45 _b.J67 1768 |
||
| 100 | 1 |
_aJorge Juan _d1713 - 1773 _922372 |
|
| 245 | 1 | 0 |
_aRelacion historica del viage a la America Meridional hecho de orden de S. Mag. para medir algunos grados de meridiano terrestre y venir por ellos en conocimiento de la verdadera figura y Magnitud de la Tierra, con otras Observaciones Astronomicas y Phisicas _cpor Don Jorge Juan; y Don Antonio de Ulloa. |
| 260 |
_aMadrid _bPor Antonio Marin _c1768 |
||
| 300 |
_a4 v. _bil. _c28.5 x 21 cm |
||
| 500 | _aEstado físico: presenta encuadernación en piel | ||
| 505 | 0 | _aContenido: T.1 Pte. 1.-- T.2 Pte.1.-- T.3 Pte.2.-- T.4 Pte.2 | |
| 650 | 1 | 4 |
_aLibro de viajes _922373 |
| 650 | 1 | 4 |
_aAmérica del Sur _xDescubrimientos y exploraciones _ySiglo XVIII _922374 |
| 650 | 1 | 4 |
_aMarinos _ySiglos XVIII _zEspaña _922375 |
| 651 | 4 |
_aPerú _xDescripción y viajes _ySiglo XVIII _922376 |
|
| 700 | 1 |
_aUlloa, Antonio de _d1716 - 1795 _922377 |
|
| 902 | _aCFM | ||
| 942 |
_2lcc _cB |
||
| 999 |
_c8673 _d8673 |
||